Energy basis for man and nature
Αποθηκεύτηκε σε:
| Κύριος συγγραφέας: | |
|---|---|
| Άλλοι συγγραφείς: | |
| Μορφή: | Βιβλίο |
| Γλώσσα: | English |
| Δημοσίευση: |
New York :
McGraw-Hill,
c1981
|
| Έκδοση: | 2nd ed. |
| Θέματα: | |
| Ετικέτες: |
Προσθήκη ετικέτας
Δεν υπάρχουν, Καταχωρήστε ετικέτα πρώτοι!
|
MARC
| LEADER | 00000pam a2200000 i 4500 | ||
|---|---|---|---|
| 001 | 1/60409 | ||
| 008 | 960509s1981 eng d | ||
| 020 | |a 0-07-047511-3 | ||
| 035 | |l 10000673 | ||
| 040 | |a GR-MY-UA |b gre |e aacr | ||
| 041 | 0 | |a eng | |
| 082 | 0 | |a 333.79 | |
| 100 | 1 | |a Odum, Howard T. |d 1924- | |
| 245 | 1 | 0 | |a Energy basis for man and nature / |c Howard T. Odum, Elisabeth C. Odum |
| 250 | |a 2nd ed. | ||
| 260 | |a New York : |b McGraw-Hill, |c c1981 | ||
| 300 | |a xii, 337 σ.; |b εικ.; |c 25 εκ | ||
| 504 | |a Περιέχει βιβλιογραφικές παραπομπές (σ. 313-325) και ευρετήριο | ||
| 650 | 0 | 0 | |a Power resources. |
| 650 | 0 | 0 | |a Economics. |
| 650 | 0 | 0 | |a Environmental policy. |
| 650 | 0 | 0 | |a Human ecology. |
| 700 | 1 | |a Odum, Elisabeth C. | |
| 852 | |a INST |b LESVOS |e 19960509 |h 333.79 ODU |p 005100010291 |q 005100010291 |t BK |y 0 | ||
| 909 | |a Λ |b 00966 | ||